College algebra /

Guardado en:
Autor Principal: Richardson, M
Formato: Libro
Publicado: Nueva York : Prentice-hall, 1966
Edición:3a. ed.
Materias:
Etiquetas: Agregar Etiqueta
Sin Etiquetas, Sea el primero en etiquetar este registro!
LEADER 00552nam a22002175a 4500
001 CEM.cems005445
005 20060220000000.0
008 130507s1966##################000#0#####d
003 CEMS
082 0 4 |a 512 
100 1 |a Richardson, M 
245 1 0 |a College algebra / 
250 |a 3a. ed. 
260 |a Nueva York :  |b Prentice-hall,  |c 1966 
300 |a 605 p. 
653 |a Algebra 
653 |a Estadistica 
653 |a Funciones-graficos 
653 |a Matematica 
653 |a Probabilidad 
859 |a CEMS  |b BIB. CEMS - 11 de abril  |h 512  |i R395a3  |p 12058.83  |t Ej.1